Регионална библиотека "Любен Каравелов" - Русе

САЩ (Запис номер 156125)

MARC детайли
000 -Лидер
Контролно поле с фиксирана дължина nam a22 a 4500
003 - Код на организацията, давaща контролен номер
Контролно поле BLK
005 - Дата и час на последна редакция
Контролно поле 20221212131811.0
008 - Елементи от данни с фиксирана дължина
fixed length control field 180410b bul|||||r ||||||| ||bul||
010 ## - Наследен системен номер
LC control number KNG00162894000
040 ## - Източник на каталожния запис
Идентификатор на билиотеката - собственик на записа BLK
041 ## - Код за език
Код за езика на текст/звукозапис или на отделно заглавие Български
Код за езика КДБФ Български
080 ## - УДК
Текстов определител УДК Вътрешна политика. Вж и 329
УДК код - определител по УДК 323
УДК определител (73)
УДК - код + определител 323(73)
080 ## - УДК
Текстов определител УДК Международни политически отношения. Световна политика. Международна политика. Дипломация
УДК код - определител по УДК 327
УДК определител (73)
УДК - код + определител 327(73)
100 1# - Редна дума - Автор
Автор Тодорчев, Георги
Авторска отговорност първи автор
R(LIN) 381203
139 ## - Редно поле
Редна дума Тодорчев, Георги
Авторски знак Тодо - Т 64
245 10 - Сведения за заглавието
Заглавие САЩ
Подзаглавни данни Кореспондентът на БТА съобщава : Очерци
Редно поле (дума) Георги Тодорчев.
257 ## - Страна на издаване
Страна на създаване/издаване България
260 ## - Област на издателските данни
Име на издателя, разпространителя и проч. Партиздат
Година на издаване 1981
Печатница В. Търново : Д. Найденов
Място на издаване, разпространение и проч. София
300 ## - Физическа характеристика
Страници 479 с.
Размери/Мащаб 20 см
380 ## - Жанр
Жанр Обществени науки
500 ## - Общи забележки
Забележка 6 115 тир.
650 #0 - Допълнително описание по предмет – тема
9 (RLIN) 485005
Основно описание – тема или топоним САЩ - политика - очерци
852 ## - Местоположение
Форматна сигнатура Цб 109398
Фондова буква Хранилище
999 ## - СИСТЕМНИ КОНТРОЛНИ НОМЕРА
Koha biblionumber 156125
Koha biblioitemnumber 156125
942 ## - АРТИКУЛИ
Вид на библиотечния материал Книги
Скрит в OPAC Не
Периодичен библиозапис Да
944 ## - СЪЗДАВАНЕ И РЕДАКЦИЯ на ЗАПИСА
Създаване/Редакция Създаване
Дата на регистрацията/редакция 10.07.2014
Статус, дата на статуса 10.07.2014 - от С1,Р / 10.07.2014
Служител, извършил регистрацията/редакцията Любка_Николова
944 ## - СЪЗДАВАНЕ И РЕДАКЦИЯ на ЗАПИСА
Създаване/Редакция Редакция
Дата на регистрацията/редакция 2022-12-12
Статус, дата на статуса 2022-12-12
Наличности
Код за отписване Код за изгубен артикул Източник на класификационната схема Код за повреда Коз за рестрикции Код за отдаване Артикулен № Име на библиотеката - собственик Име на библиотеката, в която се намира в момента Статус (Текущо местоположение) Дата на вписване в системата Местоположение - отдел Цена в лева Инвентарен номер Систематично азбучна сигнатура Баркод Номер на екземпляра Цена в евро Служебна бележка Служебен тип на артикула
  Не е изгубен Universal Decimal Classification Не е повреден само за читалня ползва се в читалня 261758 Регионална библиотека "Любен Каравелов" Русе Регионална библиотека "Любен Каравелов" Русе Хранилище 1981-01-01 Хранилище 1.83 330469 Цб 109398 120000330469 1 0.94 N: стар фонд Дата: 01.01.1981 Книги
Изтеглен Не е изгубен Universal Decimal Classification Не е повреден без рестрикции заемане за дома 261759 Регионална библиотека "Любен Каравелов" Русе Регионална библиотека "Любен Каравелов" Русе Заемна - подръчен фонд 1981-01-01 Заемна - подръчен фонд 0.00 330677 П 323/Т 64 330677 2 0.00 N: стар фонд Дата: 01.01.1981 Книги
Изтеглен Не е изгубен Universal Decimal Classification Не е повреден без рестрикции заемане за дома 261760 Регионална библиотека "Любен Каравелов" Русе Регионална библиотека "Любен Каравелов" Русе Заемна - подръчен фонд 1981-01-01 Заемна - подръчен фонд 1.84 330678 П 323/Т 64 330678 3 0.94 N: стар фонд Дата: 01.01.1981 Дата инв: 02.02.2018 Бележки инв: П2018 Книги
Vip Innovations Ltd, Rousse, Bulgaria 2025